01675nam a22003854a 4500001001200000003000800012006001900020007001500039008004100054010001700095020003600112020003500148020001800183020001800201040002100219035002100240043001200261050002800273082002000301100002100321245008700342260006300429300002600492504006400518505017700582533015200759610005700911650004900968650004901017651003601066655002901102710001701131856012601148999001501274ebr10273388CaPaEBRm u cr cn|||||||||060215s2006 ncua sb s001 0 eng  z 2006005199 z0807830488 (cloth : alk. paper) z0807857637 (pbk. : alk. paper) z9780807830482 z9780807857632 aCaPaEBRcCaPaEBR a(OCoLC)646793089 an-us-al14aBX6480.B585bO36 2006eb04a286/.1761422221 aO'Foran, Shelly.10aLittle Zionh[electronic resource] :ba church baptized by fire /cShelly O'Foran. aChapel Hill :bUniversity of North Carolina Press,cc2006. axviii, 266 p. :bill. aIncludes bibliographical references (p. 251-257) and index.0 aLittle Zion in the community -- Recollections by Sister Rosie Lee Hendricks -- Little Zion in church -- Little Zion all in the soul -- Recollections by Rev. Michael Barton. aElectronic reproduction.bPalo Alto, Calif. :cebrary,d2013.nAvailable via World Wide Web.nAccess may be limited to ebrary affiliated libraries.20aLittle Zion Baptist Church (Boligee, Ala.)xHistory. 0aAfrican American churcheszAlabamazBoligee. 0aAfrican American BaptistszAlabamazBoligee. 0aBoligee (Ala.)xChurch history. 7aElectronic books.2local2 aebrary, Inc.40uhttp://site.ebrary.com/lib/rucke/Doc?id=10273388zAn electronic book accessible through the World Wide Web; click to view c6863d6863